Power system analysis (Record no. 1347)

000 -LEADER
fixed length control field 00590nam a2200229 a 4500
001 - CONTROL NUMBER
control field 1347
003 - CONTROL NUMBER IDENTIFIER
control field BD-DhUET
008 - FIXED-LENGTH DATA ELEMENTS--GENERAL INFORMATION
fixed length control field 931008s1994 nyua 001 0 eng
020 ## - INTERNATIONAL STANDARD BOOK NUMBER
International Standard Book Number 0070585156
020 ## - INTERNATIONAL STANDARD BOOK NUMBER
International Standard Book Number 0071133380
040 ## - CATALOGING SOURCE
Original cataloging agency DLC
Transcribing agency DLC
Modifying agency BD-DhUET
082 00 - DEWEY DECIMAL CLASSIFICATION NUMBER
Classification number 623.19
Item number GRA/1994
100 1# - MAIN ENTRY--PERSONAL NAME
Personal name Grainger, John J.
245 10 - TITLE STATEMENT
Title Power system analysis
250 ## - EDITION STATEMENT
Edition statement 1st ed.
260 ## - PUBLICATION, DISTRIBUTION, ETC. (IMPRINT)
Place of publication, distribution, etc. New York
Name of publisher, distributor, etc. McGraw-Hill
Date of publication, distribution, etc. 1994
300 ## - PHYSICAL DESCRIPTION
Extent xix, 787 p.
Other physical details ill.
504 ## - BIBLIOGRAPHY, ETC. NOTE
Bibliography, etc Includes bibliographies
650 #0 - SUBJECT ADDED ENTRY--TOPICAL TERM
Topical term or geographic name as entry element Electric power systems-Management
700 1# - ADDED ENTRY--PERSONAL NAME
Personal name Stevenson, William D.
942 ## - ADDED ENTRY ELEMENTS (KOHA)
Koha item type General Book
Holdings
Date acquired Koha date last seen Koha out on loan Damaged status Koha renewals Koha normalized classification for sorting Koha issues (times borrowed) Koha full call number Shelving location Koha date last borrowed Piece designation (barcode) Not for loan Location (home branch) Lost status Koha item type Price effective from Source of classification or shelving scheme Sublocation or collection (holding branch) Withdrawn status Copy number
2014-09-032024-06-01   623_000000000000000_19GRA19945623.19/GRA/1994Circulation section2024-03-04103960 Central Library, BUET General Book2014-09-03 Central Library, BUET 1
2014-09-032020-01-14   623_000000000000000_19GRA19941623.19/GRA/1994Circulation section2019-05-06103961 Central Library, BUET General Book2014-09-03 Central Library, BUET 2
2014-09-032025-11-03  1623_000000000000000_19GRA19943623.19/GRA/1994Circulation section2025-07-13103962 Central Library, BUET General Book2014-09-03 Central Library, BUET 3
2014-09-032025-04-22   623_000000000000000_19GRA19941623.19/GRA/1994Circulation section2019-10-21103963 Central Library, BUET General Book2014-09-03 Central Library, BUET 4
2014-09-032023-11-272023-12-11  623_000000000000000_19GRA19941623.19/GRA/1994Circulation section2023-11-27103964 Central Library, BUET General Book2014-09-03 Central Library, BUET 5
2014-09-032016-01-26   623_000000000000000_19GRA1994 623.19/GRA/1994Circulation section 103965 Central Library, BUET General Book2014-09-03 Central Library, BUET 6
2014-09-032021-12-13  2623_000000000000000_19GRA19941623.19/GRA/1994Circulation section2021-02-13103966 Central Library, BUET General Book2014-09-03 Central Library, BUET 7
2014-09-032022-02-062023-02-06  623_000000000000000_19GRA19942623.19/GRA/1994Circulation section2022-02-06103967 Central Library, BUET General Book2014-09-03 Central Library, BUET 8
2014-09-032025-05-032025-05-17  623_000000000000000_19GRA19945623.19/GRA/1994Circulation section2025-05-03103968 Central Library, BUET General Book2014-09-03 Central Library, BUET 9
2015-06-212015-06-21   623_190000000000000_GRA_1994 623.19/GRA/1994Reading section 89529 Central Library, BUET Reading Item2015-06-21 Central Library, BUET 10
2015-06-212015-06-21   623_190000000000000_GRA_1994 623.19/GRA/1994Reading section 91138 Central Library, BUET Reading Item2015-06-21 Central Library, BUET 11
2015-07-022015-07-02   623_190000000000000_GRA_1994 623.19/GRA/1994Reading section 90777 Central Library, BUET Reading Item2015-07-02 Central Library, BUET 12